Escenarios

Đã lưu trong:
Chi tiết về thư mục
Định dạng: Texto
Các nhãn: Thêm thẻ
Không có thẻ, Là người đầu tiên thẻ bản ghi này!

MARC

LEADER 00000 a a2200000 04500
001 17544
003
040
245 |a Escenarios  
773 |g número 46; páginas 721  
999 |c 26570  |d 26570